000 00857nmc a2200349 a 4500
003 AR-BaBNM
005 20251128203607.0
008 287019s1946 ||||||||||||||000 | spa||
040 _cAR-BaBNM
100 1 _aMichelet, Jules
_d1798-1874
245 1 0 _aHistoria de la Revolución Francesa
_n3
260 _aBuenos Aires
_bArgonauta
_c1946
300 0 _a711 p.
490 0 _aClásicos de la historia
_vv. 7
600 0 4 _aRobespierre
600 0 4 _aDanton
600 0 4 _aMarat
600 0 4 _aDumouriez
650 4 _aHISTORIA EUROPEA
650 4 _aREVOLUCION
650 4 _aMOVIMIENTOS REVOLUCIONARIOS
650 4 _aCIENCIAS POLITICAS
650 4 _aMOTIN
650 4 _aREVOLUCION
650 4 _aEJERCITOS
650 4 _aIGLESIA
650 4 _aCRISTIANISMO
650 4 _aIDEOLOGIAS
650 4 _aFILOSOFIA
942 _cBK
998 _cmariana
999 _c4058
_d4058